Sports Quiz

Random Sports or Year Quiz

'The Ring' Magazine Fighters of the Year Quiz Stats

 Plays Quiz Updated Jan 12, 2018

Score 0/59 Timer 07:00
1 Play Today
Year Boxer % Correct
1963Cassius Clay
97.2%
1972Muhammad Ali & Carlos Monzon
97.2%
1974Muhammad Ali
97.2%
1975Muhammad Ali
97.2%
1978Muhammad Ali
97.2%
1966Muhammad Ali
97%
1986Mike Tyson
89.5%
1988Mike Tyson
89.5%
1998Floyd Mayweather Jr.
85.3%
2007Floyd Mayweather Jr.
85.3%
1973George Foreman
78%
1976George Foreman
78%
1967Joe Frazier
70.4%
1970Joe Frazier
70.4%
1971Joe Frazier
70.4%
1981Sugar Ray Leonard & Salvador Sanchez
65.9%
2006Manny Pacquiao
65.9%
2008Manny Pacquiao
65.9%
1979Sugar Ray Leonard
65.9%
1987Evander Holyfield
65.8%
1996Evander Holyfield
65.8%
1997Evander Holyfield
65.8%
2009Manny Pacquiao
64.9%
1995Oscar De La Hoya
51.1%
1994Roy Jones Jr.
48.4%
1985Marvin Hagler & Donald Curry
45.2%
1983Marvin Hagler
45.1%
1980Thomas Hearns
40.4%
1984Thomas Hearns
40.4%
1982Larry Holmes
35.4%
Year Boxer % Correct
2015Tyson Fury
32.2%
1990Julio César Chávez
31.7%
2017Vasyl Lomachenko
28.7%
2005Ricky Hatton
28.6%
1992Riddick Bowe
28.4%
2018Oleksandr Usyk
26.1%
2001Bernard Hopkins
24.6%
2011Andre Ward
24.3%
2004Glen Johnson
23.2%
1960Floyd Patterson
22.4%
2000Felix Trinidad
17.3%
1989Pernell Whitaker
15.6%
2014Sergey Kovalev
15.2%
2016Carl Frampton
14.7%
2013Adonis Stevenson
14%
2010Sergio Martínez
13.2%
1991James Toney
11.9%
2003James Toney
11.9%
1961Joe Brown
8%
2012Nonito Donaire
7.7%
1962Dick Tiger
7.4%
1965Dick Tiger
7.4%
1964Emile Griffith
5.7%
2002Vernon Forrest
4.5%
1968Nino Benvenuti
4.2%
1993Michael Carbajal
4.1%
1969José Nápoles
3.8%
1977Carlos Zarate Serna
3%
1999Paulie Ayala
2.4%

You're not logged in!

Compare scores with friends on all Sporcle quizzes.
OR
Log In

Sporcle TV

Today on Sporcle TV


Watch our educational content, quiz creation guides, and fun videos on Sporcle TV.

Show Comments

Extras

Top Quizzes Today


Score Distribution

Your Account Isn't Verified!

In order to create a playlist on Sporcle, you need to verify the email address you used during registration. Go to your Sporcle Settings to finish the process.

Report this User

Report this user for behavior that violates our Community Guidelines.

Details: